000 00528nam a22001937a 4500
999 _c8999
_d8999
003 GBCCL
005 20241126110703.0
008 220215b ||||| |||| 00| 0 eng d
040 _cgbc
082 _a236
_bCAM
100 _aCamping, Harold
_915334
245 _aWheat and tares /
_cHarold Camping.
260 _a[Oakland, Calif.] :
_b [Family Stations],
_c[2003]
300 _a120 pages ;
_b28 cm
650 _aEschatology.
_92009
650 _aEnd of the world.
_92039
650 _aJudgment Day.
_91548
942 _2ddc
_cBK